000 00327 a2200133 4500
001 150842
040 _cEscola São Tomás de Aquino
100 _aWELLS, Rosemary
240 1 0 _aA volta de Lassie
_lpor
245 1 0 _aA volta de Lassie
440 1 _aÁtica
697 _aContos de Fadas e Clássicos da Literatura
942 _cBK
999 _c150842
_d150842